01711cam a22003854i 4500003000900000005001700009008004100026035002000067040003300087100003600120245014400156264001000300300002200310336002100332337002500353338002300378502005900401504002400460520065500484526001001139526001001149526000901159526000901168526000901177526000901186526000901195526000901204526000901213526000801222526000801230526000801238526000801246526000801254650006301262PE-LiUPU20250731165429.0160215s1995 pe a grm 000 0 spa d a(Sirsi) a156131 aPE-LiUPUbspacPE-LiUPUerda1 aElías Salazar, Lorena Noemí13aLa importancia de la consejería psicopedagógica en la elección vocacional del estudiante del CEPAU /cLorena Noemí Elías Salazar. 0c1995. a172 hojas c30 cm atext2rdacontent aunmediated2rdamedia avolume2rdacarrier aTesisb(Lic.) -- cUniversidad Peruana Unión,d1995. aIncluye referencias3 aUno de los fines y quizá el mas básico de todo proceso educativo es la de formar hombres útiles en la sociedad. Su quehacer debe estar siempre orientado a lograr la perfección de la juventud en todo aquello que concierne al desarrollo armonioso de todas sus facultades físicas, mentales y espirituales y de todas sus potencialidades; aptitudes, intereses y cualidades de cada persona, para que mas tarde se constituya realmente en un ser dotado de autonomía y libertad social que le permita realizarse plenamente; para el gozo de servir en este mundo, y para un gozo superior proporcionado por un servicio mas amplio en el mundo venidero. aSEG44 aSEG26 aP151 aP150 aP149 aP146 aP145 aP126 aP125 aP92 aP75 aP74 aP27 aP1504aPsicología de la educaciónxOrientación profesional.